Turkic Countries Trivia - Statistics

General Stats
  • This quiz has been taken 42 times
  • The average score is 8 of 15
Answer Stats
Hint Answer % Correct
Strongest Turkic country Turkey
97%
Largest independent turkic country Kazakhstan
94%
Enemy of both Azerbaijan and Turkey Armenia
85%
Member of "Turkic Union" but uralic country Hungary
76%
One of the largest empire around the mediterranean Ottoman
76%
One of the Historical Enemies of Turkey Greece
64%
Capital city of Azerbaijan Baku
61%
Largest city in Turkey Istanbul
58%
Turkic republic in caucasus Azerbaijan
55%
Largest turkic republic in Russia by landmass Sakha
52%
Turkic state in China East turkestan
30%
Turkic republic in Cyprus North Cyprus
30%
Name of the Turkic Union Turan
27%
Capital city of Uzbekistan Ashgabat
9%
Historical Turkic state in Sumatra island Ache
6%
No matching quizzes found
Score Distribution
Percent of People with Each Score
Percentile by Number Answered
Your Score History
You have not taken this quiz